| 000 | 00622nam a2200193 a 4500 | ||
|---|---|---|---|
| 005 | 20210219160544.0 | ||
| 008 | 081110s1971 mx r 000 0 spa d | ||
| 035 | _aUPN01000167876 | ||
| 049 | _aUNE | ||
| 080 | _a021.8 (100)=20 GAR No.2. | ||
| 100 | 1 | _aGardner, Frank M | |
| 245 | 1 | 0 | _aPublic library legislation: A comparative study/ by Frank M. Gardner. |
| 260 |
_aParis : _bUNESCO, _c1971. |
||
| 300 | _a285 p. | ||
| 440 | 0 | _aDocumentation, libraries and archives: studies and research; 2 | |
| 690 | _aBibliotecas publicas- Legislación | ||
| 690 | _aInformación/ bibliotecas, legislación | ||
| 905 | _aUNESCO | ||
| 999 |
_c139987 _d139987 |
||